000 00588nam a2200181Ia 4500
008 090123s9999 xx 000 0 und d
082 _b8015
_a891.463/मंत्री
100 _aमंत्री रमेश
245 _aस्वप्न सुंदरी
250 _a1
260 _bइंद्रायणी साहित्य
300 _a189
600 _aमंत्री रमेश
630 _aस्वप्न सुंदरी
700 _aमंत्री रमेश
730 _aस्वप्न सुंदरी
942 _cBOOK
999 _c46081
_d46081